000 00401nam a22001697a 4500
003 MACL
005 20160114170250.0
008 160114b xxu||||| |||| 00| 0 eng d
040 _cMACL
041 _aEnglish
082 _a920/MIL
100 _aMill John Stuart
_925208
245 _aAn Autobiography
260 _aIndia
_bKalptaru Prakashan
_c2011
650 _aBiography
_932394
942 _2ddc
_cBK
999 _c52316
_d52316